000 00709nam a2200229 i 4500
001 bg
100 1 _aDEMBOWSKI, Klaus
245 1 0 _aWarsztat komputerowy /
_cKlaus Dembowski ; [przekł. Zbigniew Bielski, Krzysztof Herman, Jacek Scholz].
260 _aWrocław :
_b"Robomatic",
_c2000.
300 _a974 s. :
_bil. ;
_c24 cm +
_e+ CD ROM.
504 _aIndeks.
650 9 _aKomputery
_xbudowa i organizacja
655 _aPodręczniki
020 _a8387150517
040 _cBPK
041 1 _apl
_hde
080 _a004.3(07)
920 _a83-87150-51-7
942 _cKS
008 s pl f |000 0 pol
999 _c40445
_d40445
856 _uhttp://koha.tu.koszalin.pl/cgi-bin/koha/opac-detail.pl?biblionumber=40445
_yKatalog online BPK